[Event "XV Bancpost"]
[Site "Miercurea Ciuc"]
[Date "2012.08.09"]
[Round "4.3"]
[White "Horvath, Imre"]
[Black "Ordog, Robert"]
[Result "1-0"]
[WhiteElo "2281"]
[BlackElo "1875"]
[PlyCount "124"]
[EventDate "2012.??.??"]

1. Nf3 Nf6 2. d4 g6 3. Bf4 Bg7 4. e3 d5 5. h3 O-O 6. Be2 c5 7. c3 Nbd7 8. Nbd2
b6 9. O-O Ne4 10. Nxe4 dxe4 11. Nd2 Bb7 12. f3 cxd4 13. exd4 exf3 14. Bxf3 Bxf3
15. Nxf3 e6 16. Qd2 Nf6 17. Rae1 Qd5 18. a3 Rac8 19. Bh6 Ne4 20. Qf4 f5 21.
Bxg7 Kxg7 22. Ng5 Nxg5 23. Qxg5 Rf6 24. Re5 Qb3 25. Qd2 Rcf8 26. Rf4 Rd8 27.
Rh4 h5 28. Kh2 Qc4 29. Qg5 Rh8 30. d5 Qc7 31. Qe3 exd5 32. Kh1 Rf7 33. Qd4 Kh7
34. Rf4 Rd8 35. Qe3 Qc5 36. Rd4 f4 37. Qf3 Qc7 38. Rexd5 Rxd5 39. Rxd5 Re7 40.
Rd4 Rf7 41. a4 Qe5 42. Re4 Qd6 43. b4 Qd2 44. a5 bxa5 45. bxa5 Kh6 46. Re6 Qc2
47. a6 Qb1+ 48. Kh2 Qf5 49. Re4 Rf6 50. Re7 Rxa6 51. Qb7 Qf6 52. Rh7+ Kg5 53.
Qb5+ Kh4 54. Qc4 Kg5 55. Rd7 Re6 56. Rxa7 Qe5 57. Ra2 f3+ 58. g3 Qe3 59. Qd5+
Kh6 60. h4 Ra6 61. Qg5+ Kh7 62. Qxe3 Rxa2+ 1-0

Qxe3 Rxa2+ 1-0

[Event "XV Bancpost"]
[Site "Miercurea Ciuc"]
[Date "2012.08.09"]
[Round "4.4"]
[White "Cornea, Alexandru"]
[Black "Vasile, Claudiu-Daniel"]
[Result "1/2-1/2"]
[WhiteElo "1872"]
[BlackElo "2099"]
[PlyCount "35"]
[EventDate "2012.??.??"]

1. c4 e6 2. Nc3 Nf6 3. e4 d6 4. d4 Be7 5. f4 c5 6. dxc5 dxc5 7. Qxd8+ Bxd8 8.
e5 Nfd7 9. Nb5 O-O 10. Bd2 Nc6 11. Nf3 a6 12. Nd6 Be7 13. Bc3 Rd8 14. O-O-O
Bxd6 15. Rxd6 Nf8 16. Rxd8 Nxd8 17. Bd3 b6 18. Be4 1/2-1/2

8. Be4 1/2-1/2

[Event "XV Bancpost"]
[Site "Miercurea Ciuc"]
[Date "2012.08.09"]
[Round "4.5"]
[White "Dulman, Egmond-Gabriel"]
[Black "Vrencian, Lehel"]
[Result "1-0"]
[WhiteElo "2090"]
[BlackElo "1900"]
[PlyCount "117"]
[EventDate "2012.??.??"]

1. d4 f5 2. c4 Nf6 3. Nc3 d6 4. Nf3 g6 5. g3 Bg7 6. Bg2 O-O 7. O-O Nc6 8. d5
Na5 9. Qd3 e5 10. dxe6 Bxe6 11. b3 Nc6 12. Ng5 Bd7 13. Bb2 Ne5 14. Qc2 h6 15.
Nf3 Nc6 16. Nh4 Qe8 17. Nd5 Rc8 18. b4 Nxd5 19. Bxd5+ Be6 20. Bxg7 Kxg7 21. b5
Bxd5 22. cxd5 Nd4 23. Qb2 Qe5 24. Kh1 Kh7 25. Ng2 c5 26. dxc6 bxc6 27. bxc6 Rb8
28. Qa3 Nxc6 29. Rac1 Rb6 30. Rfd1 Rd8 31. Ne3 d5 32. Rc5 Qe7 33. Qc1 d4 34.
Ng2 Ne5 35. Nf4 Ng4 36. Kg1 Rbd6 37. h3 Nf6 38. Qc4 g5 39. Nd3 R6d7 40. Rxf5
Rc7 41. Rc5 Rxc5 42. Qxc5 Qxe2 43. Qf5+ Kg7 44. Re1 Rd5 45. Qxf6+ Kxf6 46. Rxe2
Ra5 47. Kg2 Ra3 48. Rd2 Ke6 49. Nc5+ Kd5 50. Nb3 Ra4 51. Kf3 Rc4 52. Kg4 Ke4
53. Kh5 d3 54. Kxh6 Rc2 55. Rxc2 dxc2 56. f4 Kd3 57. f5 Kc3 58. Nc1 Kb2 59. Ne2
1-0

2 59. Ne2
1-0

[Event "XV Bancpost"]
[Site "Miercurea Ciuc"]
[Date "2012.08.09"]
[Round "4.6"]
[White "Ghinea, Constantin"]
[Black "Voda, Costel"]
[Result "0-1"]
[WhiteElo "1796"]
[BlackElo "1980"]
[PlyCount "86"]
[EventDate "2012.??.??"]

1. e4 e5 2. Bc4 Nc6 3. Nf3 Bc5 4. c3 Nf6 5. d3 d6 6. h3 h6 7. b4 Bb6 8. a4 a5
9. b5 Nb8 10. Qb3 O-O 11. O-O Nbd7 12. Be3 Bxe3 13. fxe3 Nb6 14. Qa2 Nxc4 15.
dxc4 Nxe4 16. Qc2 f5 17. Nbd2 Nxd2 18. Qxd2 b6 19. Qd5+ Be6 20. Qxe6+ Kh8 21.
Rad1 Rf6 22. Qd5 Qf8 23. Rd2 g5 24. Rdf2 Rd8 25. Nh2 h5 26. Qd1 Qf7 27. Nf3 Rg8
28. Nh2 g4 29. hxg4 hxg4 30. g3 Qh5 31. Qd5 Rh6 32. Qg2 Rf8 33. e4 f4 34. Kh1
f3 35. Qg1 Qf7 36. c5 bxc5 37. Rb1 Qc4 38. Qc1 Rh5 39. b6 cxb6 40. Rxb6 Rf6 41.
Rb8+ Kg7 42. Rfb2 f2 43. R8b7+ Kg6 0-1

 R8b7+ Kg6 0-1

[Event "XV Bancpost"]
[Site "Miercurea Ciuc"]
[Date "2012.08.09"]
[Round "4.7"]
[White "Serbanescu, Diana-Maria"]
[Black "Toth, Botond-Artur"]
[Result "1/2-1/2"]
[WhiteElo "1936"]
[BlackElo "1738"]
[PlyCount "95"]
[EventDate "2012.??.??"]

1. e4 e5 2. Nf3 Nf6 3. d4 Nxe4 4. Bd3 d5 5. Nxe5 Bd6 6. Qe2 Qe7 7. Bxe4 dxe4 8.
Nc4 Bf5 9. Be3 c6 10. Nxd6+ Qxd6 11. Nd2 Qg6 12. O-O-O Nd7 13. f3 O-O 14. Qf2
exf3 15. Nxf3 Be4 16. Rhg1 Rae8 17. Kb1 Bxc2+ 18. Qxc2 Qxc2+ 19. Kxc2 Rxe3 20.
Kd2 Re6 21. Rde1 Rfe8 22. Rxe6 Rxe6 23. Rf1 f6 24. h4 h5 25. Kd3 Nb6 26. Re1
Rxe1 27. Nxe1 Kf7 28. Nf3 Ke6 29. Nd2 Nd5 30. Ke4 g5 31. hxg5 fxg5 32. Nf3 Nf6+
33. Ke3 Kf5 34. a3 Nd5+ 35. Kf2 Nf4 36. b4 g4 37. Nd2 h4 38. Nb3 b6 39. g3 Nh3+
40. Kg2 hxg3 41. Kxg3 Ng5 42. Nc1 Ne6 43. Ne2 Ke4 44. b5 cxb5 45. Nc3+ Kxd4 46.
Nxb5+ Kc4 47. Nxa7 Kb3 48. Nc8 1/2-1/2

8. Nc8 1/2-1/2

[Event "XV Bancpost"]
[Site "Miercurea Ciuc"]
[Date "2012.08.09"]
[Round "4.8"]
[White "Varga, Adrienn"]
[Black "Osvath, Zoltan"]
[Result "0-1"]
[WhiteElo "1550"]
[BlackElo "1910"]
[PlyCount "90"]
[EventDate "2012.??.??"]

1. e4 c6 2. d4 d5 3. Nc3 dxe4 4. Nxe4 Nd7 5. Nf3 Ngf6 6. Ng3 g6 7. Bd3 Bg7 8.
O-O O-O 9. Bd2 Qb6 10. b3 c5 11. dxc5 Nxc5 12. Qe2 Nxd3 13. Qxd3 Bd7 14. Rfe1
Rad8 15. Rad1 Bf5 16. Qe3 Qxe3 17. Bxe3 Rxd1 18. Rxd1 Bxc2 19. Rd2 Bb1 20. Rb2
Be4 21. Nd2 Nd5 22. Ndxe4 Bxb2 23. Nf1 Nxe3 24. Nxe3 Rc8 25. g3 Rc1+ 26. Kg2
Bd4 27. Kf3 Bxe3 28. Kxe3 Rc2 29. a4 Rb2 30. Nd2 Rc2 31. h4 f5 32. Kd3 Ra2 33.
Kc3 Kf7 34. Kd3 e5 35. Ke3 Ke6 36. Nc4 a6 37. Nd2 b5 38. axb5 axb5 39. f3 Kd5
40. Kd3 Rxd2+ 41. Kxd2 Kd4 42. g4 e4 43. fxe4 fxe4 44. g5 e3+ 45. Ke2 b4 0-1

45. Ke2 b4 0-1

[Event "XV Bancpost"]
[Site "Miercurea Ciuc"]
[Date "2012.08.09"]
[Round "4.9"]
[White "Adam, Andrea"]
[Black "Mihaly, Zsolt"]
[Result "1/2-1/2"]
[WhiteElo "1888"]
[BlackElo "1652"]
[PlyCount "85"]
[EventDate "2012.??.??"]

1. e4 e5 2. Nf3 Nc6 3. Bb5 a6 4. Ba4 b5 5. Bb3 Na5 6. Bxf7+ Kxf7 7. Nxe5+ Ke6
8. Qh5 Qf6 9. Ng4 Qg6 10. Qd5+ Ke7 11. Qxa8 Bb7 12. Qb8 Qxg4 13. O-O Qxe4 14.
f3 Qd4+ 15. Kh1 Bd5 16. Qxc7 Nc6 17. Nc3 Nf6 18. d3 Kf7 19. Bg5 Be6 20. Qc8 Qb6
21. Rfe1 Rg8 22. Be3 Qa5 23. Qb7 Bc5 24. Bxc5 Rb8 25. Bb6 Qxb6 26. Qxb6 Rxb6
27. Ne4 Nd4 28. Rac1 Nd5 29. c3 Nf5 30. c4 bxc4 31. dxc4 Nf4 32. Rc2 Nh4 33.
Ng5+ Kg6 34. Nxe6 Nxe6 35. Rd2 Nc5 36. b3 Nf5 37. Rd5 d6 38. g3 Kf6 39. Kg2 Ne6
40. Rd2 h5 41. h4 Nfd4 42. Re4 Nf5 43. Kh3 1/2-1/2

3. Kh3 1/2-1/2

[Event "XV Bancpost"]
[Site "Miercurea Ciuc"]
[Date "2012.08.09"]
[Round "4.10"]
[White "Szilveszter, Sandor"]
[Black "Ilie, Maria-Ruxandra"]
[Result "0-1"]
[WhiteElo "1727"]
[BlackElo "2004"]
[PlyCount "86"]
[EventDate "2012.??.??"]

1. d4 Nf6 2. c4 e6 3. a3 b6 4. Nc3 Bb7 5. Bg5 h6 6. Bh4 Be7 7. e3 d6 8. Nf3
Nbd7 9. h3 a6 10. Be2 c5 11. O-O Rc8 12. Rc1 O-O 13. b3 Qc7 14. Ne1 cxd4 15.
exd4 d5 16. Bg3 Qd8 17. a4 Ba3 18. Rc2 Qe7 19. cxd5 exd5 20. Bf3 Ne4 21. Bxe4
dxe4 22. Ne2 Rxc2 23. Nxc2 Bd6 24. Ne3 Bxg3 25. Nxg3 Nf6 26. Ngf5 Qe6 27. d5
Qe5 28. d6 Rd8 29. Ne7+ Kf8 30. Nc4 Qc5 31. Qd2 Ne8 32. Qf4 g5 33. Qf5 Nxd6 34.
Qf6 Nxc4 35. Ng6+ Ke8 36. Qh8+ Kd7 37. Rd1+ Nd6 38. Ne5+ Kc8 39. Qf6 e3 40. Nd3
exf2+ 41. Kh1 Qd5 42. Qxf2 Kb8 43. Rd2 Ne4 0-1

3. Rd2 Ne4 0-1

[Event "XV Bancpost"]
[Site "Miercurea Ciuc"]
[Date "2012.08.09"]
[Round "4.11"]
[White "Georgescu, Gabriel-Ioan"]
[Black "Benedek, Istvan"]
[Result "0-1"]
[WhiteElo "1998"]
[BlackElo "1688"]
[PlyCount "74"]
[EventDate "2012.??.??"]

1. f4 d5 2. Nf3 Nf6 3. e3 e6 4. b3 c5 5. Bb2 Nc6 6. Bb5 Bd7 7. O-O Bd6 8. Bxc6
Bxc6 9. Ne5 O-O 10. d3 Nd7 11. Nxd7 Qxd7 12. Nd2 f6 13. Nf3 Rae8 14. Qe1 e5 15.
fxe5 fxe5 16. Qh4 h6 17. Rf2 e4 18. dxe4 Rxe4 19. Qh5 Rxe3 20. Raf1 Qf5 21.
Qxf5 Rxf5 22. Bc1 Re7 23. Bd2 b5 24. c3 a5 25. a3 Bc7 26. Rd1 Bb6 27. Kf1 c4
28. Nd4 Rxf2+ 29. Kxf2 cxb3 30. Kg3 Bxd4 31. cxd4 a4 32. Kf3 Be8 33. Bc1 Bg6
34. Rd2 Re1 35. Bb2 Bc2 36. Bc3 Rh1 37. Kg3 b4 0-1

37. Kg3 b4 0-1

[Event "XV Bancpost"]
[Site "Miercurea Ciuc"]
[Date "2012.08.09"]
[Round "4.12"]
[White "Jakab, Nandor"]
[Black "Szakats, Istvan"]
[Result "1/2-1/2"]
[WhiteElo "1652"]
[BlackElo "1845"]
[PlyCount "39"]
[EventDate "2012.??.??"]

1. e4 c5 2. Nf3 a6 3. d4 cxd4 4. Nxd4 Nf6 5. Nc3 e5 6. Nb3 Bb4 7. Bd3 d5 8.
exd5 Nxd5 9. Bd2 Nf4 10. Bxf4 exf4 11. O-O Bxc3 12. bxc3 O-O 13. Qd2 Qc7 14.
Rfe1 Nd7 15. Re4 f3 16. Rh4 Nf6 17. Qg5 Re8 18. Bxh7+ Kf8 19. Bd3 Qxc3 20. Qc5+
1/2-1/2

 Qc5+
1/2-1/2

[Event "XV Bancpost"]
[Site "Miercurea Ciuc"]
[Date "2012.08.09"]
[Round "4.13"]
[White "Benedek, Laszlo"]
[Black "Szebeni-Janosi, Pal"]
[Result "1/2-1/2"]
[WhiteElo "1567"]
[BlackElo "1812"]
[PlyCount "46"]
[EventDate "2012.??.??"]

1. e4 e5 2. Nf3 Nc6 3. Bb5 a6 4. Ba4 Nf6 5. O-O Be7 6. c3 b5 7. Bc2 d6 8. h3
O-O 9. d4 Bb7 10. d5 Nb8 11. Nh2 c6 12. dxc6 Bxc6 13. Qe2 Nbd7 14. Ng4 Nxg4 15.
Qxg4 Nf6 16. Qe2 Qc7 17. f4 Qb7 18. fxe5 dxe5 19. Re1 Rad8 20. Bg5 Rd7 21. Nd2
Bc5+ 22. Kh1 Be7 23. Nb3 Qc7 1/2-1/2

b3 Qc7 1/2-1/2

[Event "XV Bancpost"]
[Site "Miercurea Ciuc"]
[Date "2012.08.09"]
[Round "4.14"]
[White "Banzea, Alexandru-Bogdan"]
[Black "Suket, Mate"]
[Result "1/2-1/2"]
[WhiteElo "1637"]
[BlackElo "1793"]
[PlyCount "77"]
[EventDate "2012.??.??"]

1. e4 e5 2. Nf3 Nc6 3. d4 d6 4. dxe5 Nxe5 5. Nxe5 dxe5 6. Qxd8+ Kxd8 7. Nc3 Nf6
8. Bg5 Be6 9. O-O-O+ Bd6 10. Nd5 Bxd5 11. Rxd5 h6 12. Bxf6+ gxf6 13. Be2 Ke7
14. Rhd1 Rad8 15. Bg4 Rhg8 16. Bh3 a6 17. c4 c5 18. b4 b6 19. bxc5 Bxc5 20.
Rd7+ Rxd7 21. Rxd7+ Kf8 22. Rd8+ Kg7 23. Rxg8+ Kxg8 24. f3 Bg1 25. Bc8 a5 26.
h3 Kg7 27. Kd2 Kg6 28. Ke2 Kg5 29. g3 Kg6 30. Bf5+ Kg7 31. Kd3 Kf8 32. Bd7 Ke7
33. Bc6 Bf2 34. g4 Kd6 35. Bd5 Kc5 36. Bxf7 Kb4 37. Kc2 Bd4 38. Be6 Ka3 39. Kb1
1/2-1/2

. Kb1
1/2-1/2

[Event "XV Bancpost"]
[Site "Miercurea Ciuc"]
[Date "2012.08.09"]
[Round "4.15"]
[White "Camarascu, Radu-Stefan"]
[Black "Turcuman, Dragos-Mihai"]
[Result "1-0"]
[WhiteElo "1790"]
[BlackElo "1569"]
[PlyCount "97"]
[EventDate "2012.??.??"]

1. e4 c5 2. Nc3 d6 3. f4 g6 4. Nf3 Bg7 5. Bb5+ Bd7 6. Bxd7+ Qxd7 7. d3 e6 8.
O-O Ne7 9. Be3 O-O 10. d4 c4 11. Qe2 d5 12. Rad1 Nbc6 13. Bf2 f6 14. Rfe1 Rad8
15. g3 a6 16. Na4 Qc8 17. exd5 exd5 18. Qe6+ Qxe6 19. Rxe6 Kf7 20. Rde1 Rfe8
21. Nc5 b6 22. Nb7 Bf8 23. Nxd8+ Rxd8 24. c3 b5 25. g4 b4 26. g5 Bg7 27. gxf6
Bxf6 28. Ng5+ Kg7 29. Rxe7+ Bxe7 30. Rxe7+ Nxe7 31. Ne6+ Kf6 32. Nxd8 bxc3 33.
bxc3 Kf5 34. Kf1 Kxf4 35. Ke2 h5 36. h4 Kg4 37. Ne6 Kf5 38. Nc7 a5 39. Nb5 Kg4
40. Nc7 Kf5 41. Kf3 g5 42. hxg5 Kxg5 43. Ne6+ Kf5 44. Nf4 Kg5 45. Be3 Kh4 46.
Ng2+ Kh3 47. Bg5 Ng6 48. Nf4+ Nxf4 49. Kxf4 1-0

4 49. Kxf4 1-0

[Event "XV Bancpost"]
[Site "Miercurea Ciuc"]
[Date "2012.08.09"]
[Round "4.17"]
[White "Kiraly, Ferenc"]
[Black "Sandor, Tamas"]
[Result "1-0"]
[WhiteElo "1836"]
[BlackElo "1555"]
[PlyCount "57"]
[EventDate "2012.??.??"]

1. e4 e5 2. Nf3 Nc6 3. Bb5 a6 4. Ba4 b5 5. Bb3 Nf6 6. d4 exd4 7. e5 Ne4 8. c3
dxc3 9. Qd5 Qe7 10. Qxe4 Bb7 11. Nxc3 h6 12. O-O O-O-O 13. Nd5 Qe8 14. Re1 g6
15. Bd2 Bg7 16. Rac1 Kb8 17. a4 Rc8 18. axb5 axb5 19. Qd3 Na7 20. Be3 c6 21.
Bxa7+ Kxa7 22. Ra1+ Kb8 23. Nb6 Rc7 24. Red1 Bc8 25. Nxc8 Qxc8 26. Bxf7 g5 27.
h3 Qb7 28. Bh5 Rd8 29. Ra2 1-0

d8 29. Ra2 1-0

[Event "XV Bancpost"]
[Site "Miercurea Ciuc"]
[Date "2012.08.09"]
[Round "4.18"]
[White "Oros, Vlad-Dragos"]
[Black "Ordog, Akos"]
[Result "1/2-1/2"]
[WhiteElo "1708"]
[BlackElo "1642"]
[PlyCount "37"]
[EventDate "2012.??.??"]

1. e4 e5 2. Nf3 Nf6 3. Nxe5 d6 4. Nf3 Nxe4 5. Qe2 Qe7 6. d3 Nf6 7. Bg5 Nbd7 8.
Nc3 h6 9. Bxf6 Nxf6 10. h3 Bd7 11. Qxe7+ Bxe7 12. Be2 O-O 13. O-O Rfe8 14. Nd2
d5 15. Bf3 c6 16. Rfe1 Bb4 17. Nb3 Bxc3 18. bxc3 b6 19. Kf1 1/2-1/2

9. Kf1 1/2-1/2

[Event "XV Bancpost"]
[Site "Miercurea Ciuc"]
[Date "2012.08.09"]
[Round "4.20"]
[White "Padurean, Daniel-Cristian"]
[Black "Fola, Marcel-Dan"]
[Result "1-0"]
[WhiteElo "1578"]
[BlackElo "1671"]
[PlyCount "103"]
[EventDate "2012.??.??"]

1. e4 e6 2. d4 d5 3. exd5 exd5 4. Nc3 Bb4 5. Bd2 Nf6 6. a3 Bxc3 7. Bxc3 O-O 8.
Be2 Nc6 9. Nf3 a5 10. O-O Bg4 11. Re1 Qd6 12. Ne5 Bxe2 13. Rxe2 Rfe8 14. Qd3
Re6 15. Rae1 Ne4 16. Nxc6 Qxc6 17. f3 Nxc3 18. Rxe6 fxe6 19. Qxc3 Qxc3 20. bxc3
Kf7 21. Kf2 b6 22. Rb1 Ke7 23. Ke3 Rf8 24. Rf1 g5 25. f4 Kd6 26. Rf2 g4 27. Rf1
h5 28. g3 c5 29. Rb1 Kc6 30. a4 c4 31. Kd2 Rf5 32. Re1 Rf6 33. Re5 h4 34. Rg5
hxg3 35. hxg3 Rh6 36. Rxg4 Rh2+ 37. Kc1 b5 38. axb5+ Kxb5 39. Rg6 Re2 40. g4 a4
41. Kb2 a3+ 42. Kxa3 Rxc2 43. Rxe6 Rxc3+ 44. Kb2 Rd3 45. f5 Rxd4 46. g5 Rf4 47.
f6 Rf5 48. g6 d4 49. g7 Rf2+ 50. Kc1 c3 51. g8=Q Rf1+ 52. Kc2 1-0

1+ 52. Kc2 1-0

[Event "XV Bancpost"]
[Site "Miercurea Ciuc"]
[Date "2012.08.09"]
[Round "5.1"]
[White "Orso, Miklos"]
[Black "Dicu, Razvan-Stefan"]
[Result "1-0"]
[WhiteElo "2353"]
[BlackElo "2217"]
[PlyCount "71"]
[EventDate "2012.??.??"]

1. d4 e6 2. Nf3 Nf6 3. c4 b6 4. g3 Bb7 5. Bg2 Be7 6. Nc3 Ne4 7. Qc2 Nxc3 8.
bxc3 f5 9. d5 O-O 10. O-O c5 11. Nd2 exd5 12. cxd5 d6 13. c4 Bf6 14. Rb1 Bc8
15. Nf3 Qe7 16. h4 Na6 17. Bf4 Re8 18. Rfe1 Bd7 19. Ng5 Nc7 20. e4 fxe4 21.
Bxe4 g6 22. Re2 Bg4 23. f3 Bd4+ 24. Kg2 Bf5 25. Rbe1 Qd7 26. Bxf5 gxf5 27. Ne6
Nxe6 28. dxe6 Qc6 29. Qxf5 Re7 30. Bg5 Rf8 31. Qg4 Rg7 32. e7 Re8 33. Qe6+ Kh8
34. Re4 Qa4 35. Kh3 Qxa2 36. Qd7 1-0

[Event "XV Bancpost"]
[Site "Miercurea Ciuc"]
[Date "2012.08.09"]
[Round "5.2"]
[White "Takacs, Balazs"]
[Black "Horvath, Imre"]
[Result "1/2-1/2"]
[WhiteElo "2352"]
[BlackElo "2281"]
[PlyCount "33"]
[EventDate "2012.??.??"]

1. e4 c5 2. c3 Nf6 3. e5 Nd5 4. d4 cxd4 5. cxd4 Nc6 6. Nf3 d6 7. Bc4 Nb6 8. Bb5
dxe5 9. Nxe5 Bd7 10. Nxd7 Qxd7 11. Nc3 e6 12. O-O Be7 13. Qg4 O-O 14. Bxc6 Qxc6
15. Bh6 Bf6 16. Rfd1 Kh8 17. Ne4 1/2-1/2

[Event "XV Bancpost"]
[Site "Miercurea Ciuc"]
[Date "2012.08.09"]
[Round "5.3"]
[White "Osvath, Zoltan"]
[Black "Dulman, Egmond-Gabriel"]
[Result "1/2-1/2"]
[WhiteElo "1910"]
[BlackElo "2090"]
[PlyCount "140"]
[EventDate "2012.??.??"]

1. e4 c6 2. d4 d5 3. Nc3 dxe4 4. Nxe4 Nf6 5. Nxf6+ gxf6 6. Nf3 Bf5 7. c3 Qc7 8.
Nh4 Bg6 9. Nxg6 hxg6 10. g3 Nd7 11. Bg2 O-O-O 12. Qa4 Kb8 13. Qb3 e6 14. Be3
Qb6 15. Qc2 Qa6 16. Qb3 Nb6 17. O-O-O Qc4 18. Kb1 Qxb3 19. axb3 Nd5 20. Bc1 Be7
21. h3 f5 22. Rhe1 g5 23. Bd2 Bf6 24. c4 Ne7 25. Bc3 Ng6 26. Kc2 Rd6 27. Re2 f4
28. Red2 Ne7 29. g4 Ng6 30. Bb4 Rd7 31. d5 exd5 32. cxd5 c5 33. Bc3 Bxc3 34.
bxc3 Ne5 35. c4 Rd6 36. Re1 f6 37. Rb1 a5 38. Kc3 Kc7 39. Kb2 a4 40. Kc3 axb3
41. Rxb3 Ra8 42. Rdb2 Ra7 43. Rb1 b6 44. Bf1 Ra2 45. R3b2 Rxb2 46. Rxb2 Rd8 47.
Ra2 Kb8 48. Bg2 Rd7 49. Ra1 Ra7 50. Rxa7 Kxa7 51. Bf1 Kb7 52. Bg2 Kc7 53. Be4
Kd6 54. f3 Kc7 55. Kb3 Nf7 56. Kc3 Nd6 57. Bd3 Kb7 58. Kb3 Ka6 59. Ka4 Nf7 60.
Kb3 Ka5 61. Kc3 Ne5 62. Be2 Ka6 63. Kb3 Nf7 64. Bd3 Nd6 65. Ka4 b5+ 66. cxb5+
Kb6 67. Be2 Nf7 68. Kb3 Nd6 69. Ka4 Nf7 70. Kb3 Nd6 1/2-1/2

[Event "XV Bancpost"]
[Site "Miercurea Ciuc"]
[Date "2012.08.09"]
[Round "5.4"]
[White "Voda, Costel"]
[Black "Cornea, Alexandru"]
[Result "1/2-1/2"]
[WhiteElo "1980"]
[BlackElo "1872"]
[PlyCount "31"]
[EventDate "2012.??.??"]

1. e4 g6 2. Nf3 Bg7 3. d4 e6 4. c3 Ne7 5. Be2 O-O 6. O-O b6 7. Re1 Bb7 8. Bf1
d6 9. Na3 c5 10. dxc5 dxc5 11. Qxd8 Rxd8 12. Bf4 Nbc6 13. Rad1 Rxd1 14. Rxd1
Rd8 15. Rxd8+ Nxd8 16. Bd3 1/2-1/2

[Event "XV Bancpost"]
[Site "Miercurea Ciuc"]
[Date "2012.08.09"]
[Round "5.5"]
[White "Pessi, Emil-George"]
[Black "Ordog, Robert"]
[Result "1/2-1/2"]
[WhiteElo "2237"]
[BlackElo "1875"]
[PlyCount "105"]
[EventDate "2012.??.??"]

1. e4 e5 2. Nf3 Nf6 3. Nxe5 d6 4. Nf3 Nxe4 5. Qe2 Qe7 6. d3 Nf6 7. Bg5 Qxe2+ 8.
Bxe2 Be7 9. Nc3 Be6 10. O-O-O Nc6 11. d4 Nd5 12. Nxd5 Bxd5 13. Rhe1 Bxg5+ 14.
Nxg5 O-O 15. f3 h6 16. Nh3 Be6 17. Nf4 Bf5 18. g4 Bh7 19. Nd5 a6 20. Nxc7 Rac8
21. Nd5 Bxc2 22. Rd2 Bg6 23. Kd1 Kh7 24. h4 f5 25. Nb6 Rc7 26. Nd5 Rcc8 27. g5
Bf7 28. Nb6 Bxa2 29. Nxc8 Bb3+ 30. Kc1 Rxc8 31. Kb1 Nb4 32. Rg1 g6 33. gxh6
Kxh6 34. f4 Bc2+ 35. Ka1 Be4 36. h5 gxh5 37. b3 Rc2 38. Rxc2 Nxc2+ 39. Kb2 Nxd4
40. Bc4 d5 41. Bf1 Ne6 42. Kc3 d4+ 43. Kc4 b5+ 44. Kb4 d3 45. Kc3 Nxf4 46. Kd2
a5 47. Ke3 Nd5+ 48. Kd2 Nb4 49. Rg8 a4 50. bxa4 bxa4 51. Rb8 Nd5 52. Bxd3 Bxd3
53. Kxd3 1/2-1/2

[Event "XV Bancpost"]
[Site "Miercurea Ciuc"]
[Date "2012.08.09"]
[Round "5.6"]
[White "Vasile, Claudiu-Daniel"]
[Black "Camarascu, Radu-Stefan"]
[Result "1-0"]
[WhiteElo "2099"]
[BlackElo "1790"]
[PlyCount "75"]
[EventDate "2012.??.??"]

1. e4 c5 2. Nf3 Nc6 3. Nc3 e6 4. d4 cxd4 5. Nxd4 Nf6 6. Ndb5 Bb4 7. a3 Bxc3+ 8.
Nxc3 O-O 9. Bc4 a6 10. O-O Qc7 11. Ba2 b5 12. Bg5 Bb7 13. f4 b4 14. axb4 Nxb4
15. Bxf6 gxf6 16. Bb3 Rac8 17. Kh1 d6 18. Qd4 Nc6 19. Qxf6 Qe7 20. Qxe7 Nxe7
21. f5 d5 22. f6 Ng6 23. exd5 exd5 24. Rad1 Rfd8 25. Nxd5 Re8 26. Kg1 Re2 27.
Rf2 Re5 28. Nb6 Rc7 29. Rfd2 h5 30. Rd7 Rxd7 31. Rxd7 Be4 32. Bxf7+ Kh7 33.
Bd5+ Kh6 34. Bxe4 Rxe4 35. c4 Rf4 36. Rd6 Kg5 37. c5 Ne5 38. c6 1-0

[Event "XV Bancpost"]
[Site "Miercurea Ciuc"]
[Date "2012.08.09"]
[Round "5.7"]
[White "Ilie, Maria-Ruxandra"]
[Black "Toth, Botond-Artur"]
[Result "1-0"]
[WhiteElo "2004"]
[BlackElo "1738"]
[PlyCount "65"]
[EventDate "2012.??.??"]

1. d4 Nf6 2. Nf3 d5 3. c4 g6 4. Nc3 Bg7 5. Bg5 e6 6. e3 O-O 7. h3 c5 8. Be2
cxd4 9. Nxd4 dxc4 10. Qa4 Nbd7 11. Qxc4 a6 12. O-O b5 13. Qb4 e5 14. Nc6 Qc7
15. Ne7+ Kh8 16. Ncd5 Nxd5 17. Nxd5 Qa7 18. Be7 Rg8 19. Rac1 Bf8 20. Rc7 Qb8
21. Rfc1 Bg7 22. Bd6 a5 23. Qxb5 Qxb5 24. Bxb5 Nf6 25. Ne7 Be6 26. Nxg8 Nxg8
27. Bc4 Bf5 28. Bxf7 Nh6 29. Bc4 Rd8 30. Ba3 Ng8 31. g4 Be4 32. Bxg8 Rxg8 33.
Rc8 1-0

[Event "XV Bancpost"]
[Site "Miercurea Ciuc"]
[Date "2012.08.09"]
[Round "5.8"]
[White "Mihaly, Zsolt"]
[Black "Serbanescu, Diana-Maria"]
[Result "0-1"]
[WhiteElo "1652"]
[BlackElo "1936"]
[PlyCount "96"]
[EventDate "2012.??.??"]

1. e4 e5 2. Nf3 Nc6 3. Bb5 a6 4. Ba4 Nf6 5. d3 b5 6. Bb3 Be7 7. O-O d6 8. h3
Na5 9. Nc3 O-O 10. Be3 Bb7 11. Ne2 Nxb3 12. axb3 Re8 13. Ng3 Bf8 14. Bg5 h6 15.
Bh4 g6 16. Qd2 Kh7 17. Bxf6 Qxf6 18. Nh2 Qg5 19. Qa5 Rac8 20. Ne2 Bg7 21. Nf3
Qe7 22. Nc3 f5 23. Rae1 Qf7 24. Nh2 Qe6 25. Re2 f4 26. f3 g5 27. Qa1 h5 28. Kh1
Bf6 29. Rg1 Rg8 30. g4 fxg3 31. Rxg3 Rg7 32. Qd1 Rcg8 33. Reg2 Qf7 34. Nf1 Bc8
35. Rh2 Bd8 36. Ne3 Rf8 37. Nf5 Bxf5 38. exf5 Qxf5 39. Rf2 c6 40. Ne4 d5 41.
Nc3 Bb6 42. Rf1 Kh8 43. Qe2 Bc7 44. Kg1 Qf4 45. Rg2 Qh4 46. Qd2 Qxh3 47. Rxg5
Rxg5+ 48. Qxg5 Rg8 0-1

[Event "XV Bancpost"]
[Site "Miercurea Ciuc"]
[Date "2012.08.09"]
[Round "5.9"]
[White "Benedek, Istvan"]
[Black "Adam, Andrea"]
[Result "1/2-1/2"]
[WhiteElo "1688"]
[BlackElo "1888"]
[PlyCount "62"]
[EventDate "2012.??.??"]

1. e4 e5 2. Nf3 Nc6 3. Bb5 a6 4. Ba4 Nf6 5. O-O Be7 6. d3 d6 7. h3 b5 8. Bb3
Na5 9. Nc3 Bb7 10. Ne2 Nh5 11. Nh2 Nxb3 12. axb3 d5 13. Nc3 Nf6 14. exd5 Nxd5
15. Ne4 O-O 16. Nf3 f6 17. Re1 c5 18. Ng3 Qd7 19. Nh4 f5 20. Nhxf5 Rxf5 21. Qg4
Raf8 22. Rxe5 g6 23. Nxf5 Rxf5 24. Rxf5 Qxf5 25. Qg3 Qf8 26. Bd2 Bd6 27. Qg4
Qf5 28. Qh4 Be7 29. Qg3 Kf7 30. Re1 h5 31. c4 Nf6 1/2-1/2

[Event "XV Bancpost"]
[Site "Miercurea Ciuc"]
[Date "2012.08.09"]
[Round "5.10"]
[White "Suket, Mate"]
[Black "Fugulyan, Grigore"]
[Result "1-0"]
[WhiteElo "1793"]
[BlackElo "1915"]
[PlyCount "93"]
[EventDate "2012.??.??"]

1. e4 e5 2. Nf3 Nc6 3. Bb5 a6 4. Bxc6 dxc6 5. d4 exd4 6. Qxd4 Qxd4 7. Nxd4 c5
8. Ne2 Nf6 9. f3 Be6 10. Nbc3 b5 11. Nf4 Bd7 12. Ncd5 Nxd5 13. Nxd5 Bd6 14. Bf4
Bxf4 15. Nxf4 O-O-O 16. O-O-O Kb7 17. Rd2 Bc8 18. Rhd1 Rxd2 19. Rxd2 Re8 20.
Ne2 Be6 21. Nf4 Bc8 22. b3 g5 23. Nd5 Re6 24. Ne3 Rd6 25. Rd5 Rxd5 26. Nxd5 f5
27. e5 f4 28. g3 fxg3 29. hxg3 h5 30. Kd2 Be6 31. Ne3 Kc6 32. c4 a5 33. f4 gxf4
34. gxf4 h4 35. Ke2 h3 36. Kf2 a4 37. Kg3 Kd7 38. f5 Bxf5 39. Nxf5 Ke6 40. Kf4
c6 41. Ng3 h2 42. Ke4 axb3 43. axb3 b4 44. Kf4 Ke7 45. Kf5 Kf7 46. e6+ Ke7 47.
Ke5 1-0

[Event "XV Bancpost"]
[Site "Miercurea Ciuc"]
[Date "2012.08.09"]
[Round "5.11"]
[White "Vrencian, Lehel"]
[Black "Jakab, Nandor"]
[Result "1-0"]
[WhiteElo "1900"]
[BlackElo "1652"]
[PlyCount "121"]
[EventDate "2012.??.??"]

1. e4 e5 2. Nf3 Nc6 3. Nc3 Nf6 4. d4 exd4 5. Nxd4 Nxd4 6. Qxd4 d6 7. Bf4 Be7 8.
Bc4 Be6 9. Rd1 O-O 10. O-O Qc8 11. Rfe1 Rd8 12. Bxe6 Qxe6 13. Nb5 Qd7 14. Qc4
a6 15. Nd4 g6 16. Nf3 Qc6 17. Qxc6 bxc6 18. Nd4 c5 19. Nc6 Rd7 20. Bg5 Kg7 21.
e5 Ng8 22. Nxe7 Nxe7 23. exd6 Nf5 24. dxc7 Rxc7 25. Bf4 Rb7 26. Kf1 Nd4 27. Re5
Rc8 28. c3 Ne6 29. Bc1 c4 30. Re4 Rc5 31. Rd6 a5 32. Ke2 Ng5 33. Red4 Ne6 34.
R4d5 Rxd5 35. Rxd5 Rxb2+ 36. Bxb2 Nf4+ 37. Ke3 Nxd5+ 38. Kd4 Nb6 39. Bc1 Kf6
40. Kc5 Na4+ 41. Kxc4 Ke5 42. Be3 Kd6 43. Kb3 Nc5+ 44. Bxc5+ Kxc5 45. Ka4 Kb6
46. c4 f6 47. f4 h6 48. g4 f5 49. gxf5 gxf5 50. h4 h5 51. a3 Kc5 52. Kxa5 Kxc4
53. Kb6 Kd4 54. a4 Ke4 55. a5 Kxf4 56. a6 Kg3 57. a7 f4 58. a8=Q f3 59. Kc5 Kf2
60. Kd4 Ke2 61. Qa2+ 1-0